000 00355nam a2200133Ia 4500
005 20260326100030.0
008 260326s9999||||xx |||||||||||||| ||und||
100 _aFilgueiras Lima, João
245 0 _aCentro de Tecnologia da Rede Sarah /
_cJoão Filgueiras Lima
260 _bPro Editores
300 _a65 p.
650 _aARQUITECTURA CIVIL
942 _cBK
999 _c6573
_d6573